| 000 | 00426nam a22001817a 4500 | ||
|---|---|---|---|
| 003 | OSt | ||
| 005 | 20220217150053.0 | ||
| 008 | 220217b |||||||| |||| 00| 0 eng d | ||
| 020 | _a9788126509522 | ||
| 040 | _cHU658.3 | ||
| 082 | _a658.3 | ||
| 100 |
_aDecenzo A. David _930777 |
||
| 245 | _aFundamentals Of Human Resource Management | ||
| 250 | _a8ed | ||
| 260 |
_aIndia _bIndia |
||
| 300 | _f425 | ||
| 942 |
_2ddc _cBOOKS _n0 |
||
| 999 |
_c30718 _d30718 |
||